Design with climate bloclimatic approach to architectural regionalism (Record no. 5966)
[ view plain ]
| 000 -LEADER | |
|---|---|
| fixed length control field | 00310nam a2200109Ia 4500 |
| 008 - FIXED-LENGTH DATA ELEMENTS--GENERAL INFORMATION | |
| fixed length control field | 200302s9999 xx 000 0 und d |
| 100 ## - MAIN ENTRY--PERSONAL NAME | |
| Personal name | Victor olgyay |
| 245 ## - TITLE STATEMENT | |
| Title | Design with climate bloclimatic approach to architectural regionalism |
| 260 ## - PUBLICATION, DISTRIBUTION, ETC. | |
| Name of publisher, distributor, etc. | Princeton Architectural Press |
| 260 ## - PUBLICATION, DISTRIBUTION, ETC. | |
| Date of publication, distribution, etc. | 2015 |
| 300 ## - PHYSICAL DESCRIPTION | |
| Extent | 190 |
| Withdrawn status | Lost status | Damaged status | Not for loan | Permanent Location | Current Location | Date acquired | Cost, normal purchase price | Total Checkouts | Full call number | Barcode | Date last seen | Date last checked out | Price effective from | Koha item type | Source of classification or shelving scheme |
|---|---|---|---|---|---|---|---|---|---|---|---|---|---|---|---|
| BMS College of Architecture, Design and Planning | BMS College of Architecture, Design and Planning | 2020-03-03 | 2.02 | 6 | 729 | AR-PG63 | 2025-10-23 | 2025-10-08 | 2020-03-03 | PG Books | |||||
| BMS College of Architecture, Design and Planning | BMS College of Architecture, Design and Planning | 2020-10-06 | 2 | 729 | CL-UG34017 | 2024-11-21 | 2024-11-04 | 2020-03-03 | UG Books from CL |